| 000 | 01482nam a22003617a 4500 | ||
|---|---|---|---|
| 001 | 861 | ||
| 005 | 20230804162252.0 | ||
| 008 | 230712b cb ||||| |||| 00| 0 eng d | ||
| 020 | _a0545489458 | ||
| 020 | _a9780545489454 | ||
| 040 |
_aYDXCP _beng _cYDXCP _erda _dBTCTA _dBDX _dFOLLT _dOI6 _dUOK _dB@L _dOCLCQ _dUPZ _dOCLCF _dDLC |
||
| 050 | 0 | 0 |
_aPZ7.C3197 _bGab 2013 |
| 082 | 0 | 4 |
_a813.6 _223 |
| 100 | 1 | _aCervantes, Angela, | |
| 245 | 1 | 0 |
_aGaby, lost and found / _cby : Angela Cervantes |
| 250 | _aFirst paperback printing, January 2015 | ||
| 260 |
_aNew York : _bScholastic, _c2015. |
||
| 300 |
_a220 pages ; _c2០ cm |
||
| 505 | _aP | ||
| 520 | _aGaby Howard loves volunteering at the local animal shelter. Her mother has been deported to Honduras and Gaby is stuck living with her inattentive dad. She's confident that her mom will come home soon so that they can adopt Gaby's favorite shelter cat together. But Gaby worries that her plans for the perfect family are about to fall apart. | ||
| 521 |
_a640
_bLexile |
||
| 521 |
_aP
_bRaz-Plus |
||
| 650 | 0 |
_aHuman-animal relationships _vJuvenile fiction. |
|
| 650 | 0 |
_aVolunteers _vJuvenile fiction. |
|
| 650 | 1 |
_aHuman-animal relationships _vFiction. |
|
| 650 | 1 |
_aVolunteers _vFiction. |
|
| 650 | 7 |
_aHuman-animal relationships. _2fast |
|
| 650 | 7 |
_aVolunteers. _2fast |
|
| 655 | 7 |
_aFiction. _2fast |
|
| 655 | 7 |
_aJuvenile works. _2fast |
|
| 906 |
_a7 _bcbc _ccopycat _d2 _encip _f20 _gy-gencatlg |
||
| 942 |
_2ddc _cBK _n0 |
||
| 999 |
_c861 _d861 |
||